1477 1187 1617 1561 1286 1930 1319 1713 1755 1425 1494 1821 1912 1574 1727 1513 1553 1762 1358 1924 1095 1341 1834 1690 1064 1232 1002 1126 1093 1830 1278 1023 1043 1000 1109 1045 1779 1620 1442 1200 1424 1064 1486 1340 1891 1400 1513 1000 1209 1958 1927 1524 1390 1316 1453 1338 1950 1304 1593 1015 1815 1653 1839 1884 1655 1367 1844 1285 1033 1066 1119 1363 1807 1504 1312 1884 1934 1455 1190 1821 1179 1426 1077 1257 1314 1597 1728 1501 1628 1935 1524 1067 1355 1230 1861 1391 1238 1063 1529 BCNSPRNW ULIB Ver.6.0+V

เปลี่ยนเป็นภาษาไทย

Change to English
 แสดงรายละเอียดบรรณานุกรม
  กลับหน้าหลัก

Brief Record : Get Marc (ISO 2709) : E-mail record : QR code < ปิดหน้าต่าง
LEADER : 00000nam 2200000uu 4500
001    13399113608
003     ULIB
008    111201s2550||||th 000 0 tha d
020    ^a9789747503739
090    ^aนว.^bล711ร 2550
100 0  ^aลูกชุบ
245 00 ^aรักดีมั้ยเผลอใจให้ซะแล้ว/^cลูกชุบ
250    ^aพิมพ์ครั้งที่ 1
260    ^aกรุงเทพฯ :^bแจ่มใส,^c2550
300    ^a178 หน้า
710 1  ^aแจ่มใส
945    ^p139^l0^i14044
995    ^aทศพร
999    ^aใช้งานได้ทุกระบบ
รายการนี้ยังไม่มีแท็ก
คุณยังไม่ได้ล็อกอิน คุณสามารถมีกิจกรรมร่วมกับเว็บไซต์ได้ แต่ต้องล็อกอินก่อน ::
  ล็อกอิน

รายการสื่อสารสนเทศ

ลำดับที่ ประเภท เลขเรียก/บาร์โค้ด สถานที่ สถานะ
1. นวนิยาย
นวนิยาย
นว. ล711ร 2550 ฉ.1 
  Barcode: 14044
ห้องสมุดวิทยาเขตสวรรค์ประชารักษ์
►นวนิยาย
บนชั้น
  ขอยืม

รายการใกล้เคียง
    ผู้แต่ง [ลูกชุบ]

BibComment


ยังไม่เคยถูกคอมเมนท์

คอมเมนท์ทรัพยากรรายการนี้
  คอมเมนท์: รักดีมั้ยเผลอใจใ..


 Copyright 2026. Bcnsprnw @Library